Kalike hadiya magu: kiru lekhanagalu. (Record no. 107152)

MARC details
000 -LEADER
fixed length control field 00636nam a2200205Ia 4500
003 - CONTROL NUMBER IDENTIFIER
control field OSt
005 - DATE AND TIME OF LATEST TRANSACTION
control field 20260627114620.0
008 - FIXED-LENGTH DATA ELEMENTS--GENERAL INFORMATION
fixed length control field 210210b2005 xxu||||| |||| 00| 0 eng d
040 ## - CATALOGING SOURCE
Transcribing agency AL
041 ## - LANGUAGE CODE
Language code of text/sound track or separate title Kannada
082 ## - DEWEY DECIMAL CLASSIFICATION NUMBER
Classification number 361.06K GANK
100 ## - MAIN ENTRY--PERSONAL NAME
Personal name GANGADHARA BELLARE.
Dates associated with a name ಗಂಗಾಧರ ಬೆಳ್ಳಾರೆ
9 (RLIN) 266046
245 ## - TITLE STATEMENT
Title Kalike hadiya magu: kiru lekhanagalu.
Remainder of title ಕಲಿಕೆ ಹಾದಿಯ ಮಗು: ಕಿರು ಲೇಖನಗಳು
260 ## - PUBLICATION, DISTRIBUTION, ETC.
Place of publication, distribution, etc. Putturu
Name of publisher, distributor, etc. Sharada buk haus
Date of publication, distribution, etc. 2005
300 ## - PHYSICAL DESCRIPTION
Extent x,70
650 ## - SUBJECT ADDED ENTRY--TOPICAL TERM
Topical term or geographic name entry element Counselling
9 (RLIN) 266047
690 ## - LOCAL SUBJECT ADDED ENTRY--TOPICAL TERM (OCLC, RLIN)
Topical term or geographic name as entry element Social Work
9 (RLIN) 266048
906 ## - LOCAL DATA ELEMENT F, LDF (RLIN)
a 060370
942 ## - ADDED ENTRY ELEMENTS (KOHA)
Source of classification or shelving scheme Dewey Decimal Classification
Koha item type Book
Holdings
Withdrawn status Lost status Source of classification or shelving scheme Damaged status Not for loan Collection code Home library Current library Shelving location Date acquired Source of acquisition Cost, normal purchase price Total Checkouts Full call number Barcode Date last seen Date last checked out Price effective from Koha item type
    Dewey Decimal Classification     Social Work St Aloysius Library St Aloysius Library   02/17/2021 Sharada Book House, Putturu 30.00 1 361.06K GANK 060370 09/23/2024 09/14/2024 02/17/2021 Book